00554cam a22002171 4500001001300000003000400013005001700017008004100034010001700075035001900092040001800111042001200129050001900141100002300160245002000183260004800203300001100251651003300262651002400295999001700319sa 67006697 DLC20260227112409.0821129s1967 pk 000 0 eng  asa 67006697  a(OCoLC)8999265 aDLCcMoUdDLC apremarc00aHF1590.5b.A751 aAhmad, Kamaluddin.10aPakistan trade. aKarachi,bPublishers Internationalc[1967?] a111 p. 0aPakistanxCommercial policy. 0aPakistanxCommerce. c76108d76108